00685nam a2200229 a 45000050016000000080041000160100014000570200031000710200031001020350013001330350013001460370015001590400018001740820014001921000031002062450055002372600042002923000036003344900027003706500015003976510043004122011090209389.0820422s1980 ii bcfj 000 0 eng  aENG-92319 c200.00a9788123752679 (Hb) c40.00a9788123752662 (Pbk) aEN-75852 aG-001367 bDBAD / PUB adplbEnglish  a320.80954 aBhambhri, Chander Prakash  aDemocracy in India /cby Chander Prakash Bhambhri  bNational Book Trustc2008aNew Delhi  a103p. c22cm (Hb) c22cm (Pbk)  aPopular social science aDemocracy. aIndiaxPolitics and governmentsy1947-